000 00531nam a2200217Ia 4500
005 20250425162100.0
008 250425s9999 xx 000 0 und d
020 _a8424121007
041 _aspa
082 _a747
110 _aEVEREST
245 0 _aGRAN MANUAL PRACTICO DE DECORACIÓN: DE LA REDACCIÓN DEL SCHONER WOHNEN
250 _a6A ED.
260 _aEspaña
_bEVEREST
_c1986
260 _aLEON
300 _a310
650 _aDECORACION DE INTERIORES
650 _aMOBILIARIO
942 _c01
010 _a48323
999 _c221992
_d221992